Biggest U.S. Cities Starting with M - Statistics

General Stats
  • This quiz has been taken 85,606 times
    19,449 since last reset
  • The average score is 10 of 20
Answer Stats
Population State Hint City % Correct
610,919 Tennessee Elvis lived here Memphis
96%
487,014 Florida "The Capital of Latin America" Miami
93%
428,579 Minnesota One of the Twin Cities Minneapolis
92%
517,151 Arizona Spanish for "table" Mesa
85%
563,531 Wisconsin Setting of "Happy Days" and "Laverne & Shirley" Milwaukee
82%
285,300 Wisconsin State capital Madison
81%
195,818 Alabama Site of a bus boycott Montgomery
71%
201,367 Alabama On the Gulf of Mexico Mobile
62%
116,386 New Hampshire Largest city in the state Manchester
46%
157,056 Georgia Also in the exact center of its state Macon
41%
143,242 Florida Spanish for "look at the sea" Miramar
31%
148,782 Texas On the Mexican border McAllen
29%
220,592 California "American Graffiti" was set here Modesto
29%
143,687 Texas Both George Bushes lived here Midland
25%
213,919 California Suburb in Riverside County {Moreno} Valley
23%
168,387 Tennessee Nashville neighbor in the exact center of the state Murfreesboro
23%
227,526 Texas Dallas suburb McKinney
17%
139,740 Idaho Boise suburb Meridian
17%
150,140 Texas Dallas suburb known for rodeo Mesquite
17%
117,041 California Suburb in Riverside County Menifee
6%
No matching quizzes found
Score Distribution
Percent of People with Each Score
Percentile by Number Answered
Your Score History
You have not taken this quiz since the last reset